[El espejo de la belleza] / (Record no. 36467)

MARC details
000 -LEADER
campo de control de longitud fija 00614nam a2200205 i 4500
001 - NÚMERO DE CONTROL
campo de control 36467
003 - IDENTIFICADOR DE NÚMERO DE CONTROL
campo de control ES-MaACL
005 - FECHA Y HORA DE LA ÚLTIMA TRANSACCIÓN
campo de control 20240419120744.0
007 - CAMPO FIJO DE DESCRIPCIÓN FÍSICA--INFORMACIÓN GENERAL
campo de control de longitud fija t|
008 - DATOS DE LONGITUD FIJA--INFORMACIÓN GENERAL
campo de control de longitud fija 030218s1982 sp ||||1| spa d
100 1# - ENTRADA PRINCIPAL--NOMBRE DE PERSONA
Nombre de persona Brotons, Joaquín.
9 (RLIN) 31951
245 14 - MENCIÓN DEL TÍTULO
Título [El espejo de la belleza] /
Mención de responsabilidad, etc. Joaquín Brotons.
260 ## - PUBLICACIÓN, DISTRIBUCIÓN, ETC.
Lugar de publicación, distribución, etc. Valdepeñas :
Nombre del editor, distribuidor, etc. Ayuntamiento,
Fecha de publicación, distribución, etc. [1982]
300 ## - DESCRIPCIÓN FÍSICA
Extensión 66 p. ;
Dimensiones 20 cm.
490 1# - MENCIÓN DE SERIE
Mención de serie Coleccion "Juan Alcaide" ;
Designación de volumen o secuencia 4
710 1# - ENTRADA AGREGADA--NOMBRE DE ENTIDAD CORPORATIVA
Nombre de entidad corporativa o nombre de jurisdicción como elemento de entrada Valdepeñas.
Unidad subordinada Ayuntamiento.
9 (RLIN) 7530
830 0# - PUNTO DE ACCESO ADICIONAL DE SERIE-TÍTULO UNIFORME
Título uniforme Colección "Juan Alcaide"
Designación de volumen o secuencia 4
9 (RLIN) 182027
852 ## - LOCALIZACIÓN
Ubicación ES-MaACL
Número de control de estantería L-2116
Sublocalización o colección R.102936
Holdings
Estatus retirado Estado de pérdida Estado de daño No para préstamo Biblioteca de origen Biblioteca actual Ubicación en estantería Fecha de adquisición Fuente de adquisición Total de préstamos Signatura topográfica completa Código de barras Visto por última vez Precio de reemplazo Tipo de ítem Koha
        Biblioteca del Ateneo de Madrid Biblioteca del Ateneo de Madrid Depósito 2 17/01/2008     L-2116 1038307 23/02/2023 23/02/2023 Libro impreso